El Invicto Conde del Llobregat y los hombres de Cataluña en la guerra de la Independencia : Luchas civiles de la primera mitad del siglo XIX / Isidro Clopas Batlle Luchas civiles de la primera mitad del siglo XIX / Isidro Clopas Batlle
Descripción Física:
250 p., [31] p. de làm. ; 25 cm
Materias:
Espanya -- Història -- S. XIX
MARC
| LEADER | 00000nam a2200000Ia 4500 | ||
|---|---|---|---|
| 001 | 1782 | ||
| 008 | 160829s1961 xx 000 0 cat d | ||
| 080 | |a H-1-65 | ||
| 100 | 1 | |a Clopas i Batlle, Isidre, |d 1913-2001 |9 24339 | |
| 245 | |a El Invicto Conde del Llobregat y los hombres de Cataluña en la guerra de la Independencia : |b Luchas civiles de la primera mitad del siglo XIX / Isidro Clopas Batlle | ||
| 260 | |a Barcelona : |b [Casa Provincial de Caridad], |c 1961 | ||
| 300 | |a 250 p., [31] p. de làm. ; |c 25 cm | ||
| 651 | 0 | |a Espanya |x Història |y S. XIX |9 54679 | |
| 901 | |a Arxiu | ||
| 942 | |n 1 | ||
| 952 | |0 0 |1 0 |4 0 |6 H165 |7 1 |9 43097 |a Arxiu |b Arxiu |d 2016-12-01 |l 0 |o H-1-65 |p 1782 |r 2016-12-01 00:00:00 |w 2016-12-01 |y ARXIU | ||
| 999 | |c 45641 |d 45641 | ||